00977cam a22003494i 4500003000900000005001700009008004100026020001500067035002700082040003300109082000900142100003400151245004300185264005300228300003800281336002100319337002500340338002300365505010200388526001000490526001000500526001000510526001000520526000800530526000800538526000800546526000800554526000800562526000800570526000800578630004100586PE-LiUPU20250731173518.0150616s r 000 0 d a0800791924 a(Sirsi) i9780800791926 aPE-LiUPUbspacPE-LiUPUerda04b2211 aOtis, George,d1953-,eautor.14aThe last of the giants /cGeorge Otis. 1aGrand Rapids, Míchigan :bChosen Books,c1994. a272 páginas ;c23 centímetros atext2rdacontent aunmediated2rdamedia avolume2rdacarrier0 aThe three understandings.- The strongest of these.- Spiritual mapping.- By the rivers of babylon. aSEG42 aSEG41 aSEG40 aSEG39 aP94 aP87 aP86 aP85 aP77 aP76 aP35 aBibliaxPropfecíaszOriente Medio.